| 000 | 00557nam a2200169 4500 | ||
|---|---|---|---|
| 999 |
_c8429 _d8429 |
||
| 008 | 180205b xxu||||| |||| 00| 0 eng d | ||
| 020 | _a0-15-717014-4 | ||
| 082 |
_21985 _aDC 808.04219 _bW73e |
||
| 100 |
_926101 _aWinterowd, W. Ross |
||
| 245 |
_aEnglish: _bwriting and skills |
||
| 260 |
_aSan Diego: _bCoronado Publishers, _c© 1985. |
||
| 300 |
_axvi,717 pages: _bcolor illustration; _c23 cm. |
||
| 521 | _aIncludes index. | ||
| 650 | 0 |
_926102 _aEnglish language _vComposition and exercises |
|
| 700 |
_926103 _aMurray, Patricia Y. _eauthor |
||
| 942 |
_2ddc _cDC |
||